Generazioni dei Pokémon - Quiz n°34 - Statistics

Statistiche generali
  • Questo quiz è stato fatto 5 volte
  • Il punteggio medio è 10 su 15
Statistiche sulle risposte
Hint Risposta % Corretto
Polteageist Ottava
80%
Electrode Prima
80%
Chimchar Quarta
80%
Meganium Seconda
80%
Mudkip Terza
80%
Latias Terza
80%
Combusken Terza
80%
Grapploct Ottava
60%
Duraludon Ottava
60%
Horsea Prima
60%
Grotle Quarta
60%
Vullaby Quinta
60%
Lunatone Terza
60%
Malamar Sesta
40%
Poipole Settima
20%
Nessun quiz corrispondente trovato
Distribuzione punteggi
Percentuale di utenti per punteggio
Percentile per numero di risposta
I tuoi punteggi nel tempo
Non hai fatto questo quiz